Most popular youtube videos Quiz Stats

 Plays Quiz not verified by Sporcle

Support Sporcle.
Go Orange.
Score 0/10 Timer 03:00
0 Plays Today
% Correct
baby
71.4%
evolution of dance
42.9%
bad romance
35.7%
waka waka
14.3%
not afraid
7.1%
party in the usa
7.1%
I love the way you lie
0%
charlie bit my feaver
0%
one time
0%
i know you want me
0%

You're not logged in!

Compare scores with friends on all Sporcle quizzes.
OR
Log In

From the Vault

Baby Names: 'O' & 'P' Girl Names by Decade

by triplet_3

Of course, it would be difficult for these names to start with both letters at the same time.
Remove Ads.
Support Sporcle.
Get the best of Sporcle when you Go Orange. This ad-free experience offers more features, more stats, and more fun while also helping to support Sporcle. Thank you for becoming a member.

Show Comments

Extras

Created Feb 15, 2011ReportNominate
Tags:Popular Quiz, Video, Youtube

Top Quizzes Today


Score Distribution

Your Account Isn't Verified!

In order to create a playlist on Sporcle, you need to verify the email address you used during registration. Go to your Sporcle Settings to finish the process.

Report this User

Report this user for behavior that violates our Community Guidelines.

Details: